Five Letter Geography - M - Statistics

General Stats
  • This quiz has been taken 79 times
  • The average score is 8 of 10
Answer Stats
Hint Answer % Correct
European Island country in the Mediterranean Malta
97%
Famous coastal city in Florida Miami
96%
Global capital of fashion and design in Italy Milan
96%
The holiest city of Islam Mecca
93%
Capital and largest city of Belarus Minsk
93%
US state bordering only one other state Maine
88%
Third most populous city in Sweden Malmö
78%
One of the official languages of Singapore Malay
67%
Special Administrative Region of China Macau
64%
Volcanic Greek island in the Cyclades Milos
14%
No matching quizzes found
Score Distribution
Percent of People with Each Score
Percentile by Number Answered
Your Score History
You have not taken this quiz